Statistics for Which Canadian Province?

Click here to take the quiz!

General Stats

  • This quiz has been taken 26 times
  • The average score is 9 of 15

Answer Stats

QuestionAnswer% Correct
In what province is Ottawa located?Ontario
96%
In what province is the ski resort Whistler located?British Columbia
79%
Which province borders the Great Lakes?Ontario
79%
Which province almost voted to become independent in a 1995 referendum?Quebec
75%
Which province do the Trudeau family come from?Quebec
75%
What province was an independent country between 1907–1949?Newfoundland and Labrador
71%
From which province do about 80% of Canada's oil come?Alberta
71%
In what province are the national parks, Jasper and Banff located?Alberta
67%
Which of these provinces' capital is NOT their biggest city?Saskatchewan
54%
In what province did the a maritime disaster occur in 1917, the largest man-made explosion at the time?Nova Scotia
50%
What is the only officially bilingual (English and French) province of Canada?New Brunswick
50%
Which province's second biggest city is called Sydney?Nova Scotia
50%
What province has a coastal city nicknamed the "polar bear capital of the world"?Manitoba
46%
What is the most densely populated province in Canada?Prince Edward Island
38%
In what province was Canada's first English-speaking university opened in 1785?New Brunswick
21%

Score Distribution

Percentile by Number Answered

Percent of People with Each Score

Your Score History

You have not taken this quiz